000
00331 a2200109 4500
001
ART_3398
005
20260410161714.0
008
260409a
245
1
0
_a
La confusión sobre la ley de Gresham
100
1
_a
Olivera, Julio H.G.
773
0
_t
Desarrollo económico
_g
- Vol. 21, Nº 81 (abr./jun. 1981)
_w
REV1174
999
_c
16352
_d
16352